00907 a2200181 45000010006000000050017000060080041000230030015000640400040000790800124001192450029002430200022002722640027002943000019003215050269003401000017006098560099006262497720260407155532.0260407a1982 arg spa dAR-UNSa-BCEJYS aAR-UNSa-BCEJYSbspacAR-UNSa-BCEJYS a330.101xCiencia económica en general. La economía y sus problemas. Objeto y métodos de la economía política 10aEconomía y filosofía a978-84-309-0922-3 1aMadrid :bTecnosc1982 a125 p.c18 cm. a1. El asunto de la economía política - 2. Conceptos económicos - 3. Generalizaciones económicas - 4. Teorías y modelos económicos - 5. Políticas económicas - 6. El monetarismo - 7. Teoría y realidad - 8. ¿Ciencia o semiciencia? - 9. ¿Quo vadis?1 aBunge, Mario41uhttps://www.biblioeco.unsa.edu.ar/pmb/images/libros/L127395.jpgyImagen de portadaqimage/jpeg